| 000 | 01483cam a2200373 i 4500 | ||
|---|---|---|---|
| 999 |
_c64650 _d64650 |
||
| 001 | 4452683 | ||
| 003 | CO-MdFUSB | ||
| 005 | 20190202100249.0 | ||
| 008 | 950628t1995 miu g b 001 0 eng | ||
| 010 | _a 95033983 | ||
| 020 | _a0802806961 (paper : alk. paper) | ||
| 040 |
_aDLC _cCO-MdFUSB _dCO-MdFUSB _bspa _erda |
||
| 041 | 1 |
_aeng _hger |
|
| 082 | 0 | 0 |
_224 _aG 230.42092 _bB284t |
| 100 | 1 |
_aBarth, Karl, _d1886-1968. _eautor |
|
| 240 | 1 | 0 | _aTheologie Calvins. |
| 245 | 0 | 4 |
_aThe theology of John Calvin _c/ Karl Barth ; traducido por Geoffrey W. Bromiley. |
| 264 | 1 |
_aGrand Rapids, Mich. : _bWm. B. Eerdmans Publishing Company, _c℗1995 |
|
| 264 | 4 | _c©1995 | |
| 300 |
_axxiv, 424 páginas ; _c23 cm. |
||
| 336 |
_2rdacontent _atexto _btxt |
||
| 337 |
_2rdamedia _asin mediación _bn |
||
| 338 |
_2rdacarrier _avolumen _bnc |
||
| 501 | _aIncluye índices (páginas 410- 424) | ||
| 505 | _aParte I: Presupuestos -- Reforma y Edad Media -- Calvin, Lutero y Zwinglio -- Parte II: Vida de Calvin -- Primeros años, 1509-1536 -- Primera estancia de Genevan -- Estancia de Strassburg, 1538-1541 | ||
| 600 | 1 | 0 |
_aCalvin, Jean, _d1509-1564. |
| 650 | 0 |
_aCalvinismo _9937 |
|
| 650 | 7 |
_aTeología doctrinal _2 _9179 |
|
| 906 |
_a7 _bcbc _corignew _d1 _eocip _f19 _gy-gencatlg |
||
| 942 | _cBK | ||